[Event "104th ch-GBR 2017"]
[Site "Llandudno WLS"]
[Date "2017.07.29"]
[Round "1.23"]
[White "Eggleston, David J"]
[Black "Verma, Aditya"]
[Result "1-0"]
[WhiteTitle "IM"]
[WhiteElo "2394"]
[BlackElo "2071"]
[WhiteFideId "412120"]
[BlackFideId "426202"]
[EventDate "2017.07.29"]

1. e4 c5 2. Nf3 d6 3. d4 cxd4 4. Nxd4 Nf6 5. Nc3 g6 6. Be3 Bg7 7. f3 O-O 8. Qd2
Nc6 9. O-O-O Nxd4 10. Bxd4 Be6 11. Kb1 Nd7 12. Bxg7 Kxg7 13. g4 Qa5 14. h4 Rfc8
15. a3 Kg8 16. Be2 Rab8 17. Nd5 Qxd2 18. Rxd2 Bxd5 19. exd5 h6 20. f4 Kg7 21.
Re1 Nb6 22. Rd4 Rc7 23. Bd3 Rbc8 24. b3 Rg8 25. Kb2 Kf8 26. g5 hxg5 27. hxg5 Rh8
28. a4 a5 29. Re2 Rh3 30. f5 gxf5 31. Rf2 Rg3 32. Bxf5 Kg7 33. g6 fxg6 34. Be6
Rg5 35. c4 Kh6 36. Rh4+ Rh5 37. Rxh5+ Kxh5 38. Rf7 g5 39. Kc3 g4 40. Rg7 Kh6 41.
Rxg4 Nd7 42. Bxd7 Rxd7 43. Rg8 Kh7 44. Ra8 Kg6 45. Rxa5 Rd8 46. Ra7 1-0

[Event "104th ch-GBR 2017"]
[Site "Llandudno WLS"]
[Date "2017.07.29"]
[Round "1.24"]
[White "Waddington, Mike P"]
[Black "Arakhamia-Grant, Ketevan"]
[Result "1/2-1/2"]
[WhiteTitle "FM"]
[BlackTitle "GM"]
[WhiteElo "2070"]
[BlackElo "2364"]
[WhiteFideId "410497"]
[BlackFideId "13600168"]
[EventDate "2017.07.29"]

1. c4 e5 2. Nc3 Bb4 3. Nd5 Bc5 4. Nf3 c6 5. Nc3 d6 6. d4 exd4 7. Nxd4 Nf6 8. e3
O-O 9. Be2 Nbd7 10. O-O a5 11. b3 Ne5 12. Bb2 Re8 13. Rc1 Ba7 14. h3 Qe7 15. Qd2
Bd7 16. Rfd1 Rad8 17. Ba3 Bc5 18. Bb2 Ng6 19. Qc2 Bc8 20. Na4 Ne4 21. Nxc5 dxc5
22. Nf3 Bf5 23. Rxd8 Rxd8 24. Rd1 Re8 25. Bd3 h5 26. Ba1 b6 27. Qb2 f6 28. Qc2
Rd8 29. Bb2 Rd6 30. Qe2 h4 31. Bc2 Re6 32. Kf1 Qc7 33. Kg1 Re8 34. Ne1 Qc8 35.
Qf3 Nf8 36. Qh5 Ng6 37. Nf3 Ng3 38. Bxf5 Qxf5 39. Qxf5 Nxf5 40. Rd7 Rb8 41. e4
Nfe7 42. e5 Kf7 43. exf6 gxf6 44. Rd6 f5 45. Bf6 b5 46. Ng5+ Ke8 47. cxb5 cxb5
48. Bc3 a4 49. Ne6 b4 50. Bf6 axb3 51. axb3 Rc8 52. g3 hxg3 53. fxg3 c4 54. bxc4
Rxc4 55. h4 Ng8 56. Bg5 Ne5 57. Ng7+ Kf8 58. Nxf5 Nf3+ 59. Kf2 Nxg5 60. hxg5 b3
61. g6 Ke8 62. Rb6 Rc2+ 63. Ke3 b2 64. Kd3 Rf2 65. g4 Rg2 66. g7 Kf7 67. Kc3
Rxg4 68. Kxb2 Rg5 69. Rb7+ Ke6 70. Nd4+ Kf6 71. Kc3 Rxg7 1/2-1/2

[Event "104th ch-GBR 2017"]
[Site "Llandudno WLS"]
[Date "2017.07.29"]
[Round "1.25"]
[White "Zakarian, David"]
[Black "Byron, Alan M"]
[Result "1-0"]
[WhiteTitle "FM"]
[WhiteElo "2360"]
[BlackElo "2064"]
[WhiteFideId "13301276"]
[BlackFideId "401773"]
[EventDate "2017.07.29"]

1. d4 d5 2. Nf3 Nf6 3. c4 e6 4. Nc3 Be7 5. Bf4 O-O 6. e3 a6 7. cxd5 exd5 8. Bd3
c6 9. h3 Be6 10. Qc2 c5 11. dxc5 Nbd7 12. Ng5 h6 13. Nxe6 fxe6 14. O-O Nxc5 15.
Bg6 Rc8 16. Qe2 b5 17. a3 Bd6 18. Bxd6 Qxd6 19. Rad1 Ncd7 20. Bb1 Rfd8 21. Kh1
Qc5 22. f4 b4 23. axb4 Qxb4 24. f5 exf5 25. Bxf5 Rb8 26. Nxd5 Nxd5 27. Rxd5 Nf6
28. Rxd8+ Rxd8 29. Bg6 Qa5 30. e4 Qg5 31. e5 Rd2 32. Qc4+ Kh8 33. Qe4 Ng8 34.
Rf8 Rd1+ 35. Kh2 Qe7 36. Rc8 Qa7 37. Rxg8+ Kxg8 38. Qc4+ Kf8 39. Qc8+ 1-0

[Event "104th ch-GBR 2017"]
[Site "Llandudno WLS"]
[Date "2017.07.29"]
[Round "1.27"]
[White "Pritchett, Craig W"]
[Black "Taylor, William J"]
[Result "1-0"]
[WhiteTitle "IM"]
[WhiteElo "2326"]
[BlackElo "2048"]
[WhiteFideId "2400065"]
[BlackFideId "423130"]
[EventDate "2017.07.29"]

1. Nf3 Nf6 2. c4 g6 3. Nc3 Bg7 4. e4 d6 5. d4 O-O 6. Be2 e5 7. Be3 Qe8 8. dxe5
Ng4 9. Bg5 Nxe5 10. Nd4 Be6 11. Nxe6 fxe6 12. O-O Nec6 13. Be3 Qe7 14. Qd2 Nd7
15. f4 Rae8 16. Rad1 Nb6 17. b3 Rf7 18. Nb5 Nc8 19. Bg4 a6 20. Nc3 Qf6 21. Ne2
Qb2 22. Qxb2 Bxb2 23. g3 b6 24. Kg2 Ba3 25. h4 h5 26. Bf3 Nd8 27. g4 hxg4 28.
Bxg4 Bc5 29. Bc1 Nc6 30. Bb2 e5 31. f5 gxf5 32. Bh5 Rg7+ 33. Kh3 Rf8 34. exf5
Rf6 35. Ng3 N8e7 36. Bg4 Rh7 37. Bc1 Nd4 38. Bg5 Rff7 39. f6 Ng6 40. Bh5 Nf4+
41. Bxf4 1-0

[Event "104th ch-GBR 2017"]
[Site "Llandudno WLS"]
[Date "2017.07.29"]
[Round "1.28"]
[White "Humphreys, Jerry G"]
[Black "Horton, Andrew P"]
[Result "0-1"]
[BlackTitle "FM"]
[WhiteElo "2041"]
[BlackElo "2324"]
[WhiteFideId "408158"]
[BlackFideId "424269"]
[EventDate "2017.07.29"]

1. c4 c5 2. Nf3 g6 3. Nc3 Bg7 4. e3 Nf6 5. Be2 O-O 6. O-O Nc6 7. d4 cxd4 8. exd4
d5 9. Be3 Be6 10. b3 dxc4 11. bxc4 Ng4 12. Qd2 Nxe3 13. fxe3 Na5 14. c5 b6 15.
Rac1 bxc5 16. dxc5 Qxd2 17. Nxd2 Rfd8 18. Rfd1 Bh6 19. Kf2 Rac8 20. Nb5 Rd5 21.
Nd4 Re5 22. Nf1 Bd5 23. Ba6 Rc7 24. Rc2 Be4 25. Nb5 Bxc2 26. Rd8+ Bf8 27. Nxc7
Rxc5 28. Nd5 Nc6 29. Rc8 Rxd5 30. Rxc6 Rf5+ 31. Ke2 Be4 32. Rc7 Ra5 0-1

[Event "104th ch-GBR 2017"]
[Site "Llandudno WLS"]
[Date "2017.07.29"]
[Round "1.29"]
[White "Longson, Alexander"]
[Black "Lentzos, Ioanis"]
[Result "1-0"]
[WhiteTitle "FM"]
[WhiteElo "2323"]
[BlackElo "2038"]
[WhiteFideId "408093"]
[BlackFideId "4255470"]
[EventDate "2017.07.29"]

1. e4 c5 2. Nf3 e6 3. g3 Nc6 4. Bg2 Nf6 5. Qe2 e5 6. O-O Be7 7. c3 O-O 8. Na3
Re8 9. Nc4 Bf8 10. d3 h6 11. a4 d5 12. exd5 Nxd5 13. Nfxe5 Nxe5 14. Nxe5 f6 15.
Nf7 Qd7 16. Nxh6+ gxh6 17. Bxd5+ Qxd5 18. Qxe8 Bh3 19. Qe4 Qxe4 20. dxe4 Bxf1
21. Kxf1 Re8 22. f3 c4 23. Bf4 Re6 24. a5 Ra6 25. Ra4 b5 26. axb6 Rxb6 27. Bc1
h5 28. Ke2 h4 29. gxh4 Rb5 30. Rxc4 Rh5 31. Bf4 Rxh4 32. Bg3 Rh5 33. Rc6 Rb5 34.
b4 a5 35. bxa5 Rxa5 36. Rxf6 Rc5 37. Rxf8+ 1-0

[Event "104th ch-GBR 2017"]
[Site "Llandudno WLS"]
[Date "2017.07.29"]
[Round "1.30"]
[White "Cocks, Elliot"]
[Black "Batchelor, Peter J"]
[Result "0-1"]
[BlackTitle "FM"]
[WhiteElo "2036"]
[BlackElo "2309"]
[WhiteFideId "444545"]
[BlackFideId "424854"]
[EventDate "2017.07.29"]

1. d4 Nf6 2. c4 e6 3. Nc3 Bb4 4. Qc2 c5 5. Nf3 O-O 6. dxc5 Na6 7. e3 Nxc5 8. a3
Bxc3+ 9. Qxc3 b6 10. b4 Nce4 11. Qb3 Bb7 12. Be2 d5 13. O-O Rc8 14. Bb2 Qe7 15.
h3 dxc4 16. Bxc4 Nd6 17. Be2 Bd5 18. Qd1 Nfe4 19. Rc1 Nf5 20. Nd4 Qg5 21. Nf3
Qe7 22. Nd4 Qg5 23. Nf3 Qh6 24. Nd4 Nxe3 25. fxe3 Qxe3+ 26. Kh1 Rxc1 27. Qxc1
Ng3+ 28. Kh2 Nxf1+ 29. Bxf1 Qf2 30. Nb5 a5 31. Nd6 b5 32. Ba1 f6 33. Qd1 Qf4+ 0-1

[Event "104th ch-GBR 2017"]
[Site "Llandudno WLS"]
[Date "2017.07.29"]
[Round "1.31"]
[White "Kolbus, Dietmar"]
[Black "Zhu, Richard"]
[Result "1-0"]
[WhiteTitle "IM"]
[WhiteElo "2306"]
[BlackElo "2036"]
[WhiteFideId "4610628"]
[BlackFideId "426377"]
[EventDate "2017.07.29"]

1. c4 Nf6 2. Nc3 g6 3. e4 d6 4. d4 Bg7 5. Bd3 O-O 6. Nge2 c5 7. d5 e6 8. O-O
exd5 9. exd5 Re8 10. h3 Nbd7 11. f4 a6 12. a4 b6 13. Rf3 Ra7 14. Re3 Nf8 15.
Rxe8 Qxe8 16. a5 bxa5 17. Rxa5 Re7 18. Bd2 N8d7 19. Ra3 h5 20. Kh2 Bh6 21. Qf1
Kg7 22. Ra1 Nb6 23. b3 Nbd7 24. Rd1 Kh7 25. Qf3 Bg7 26. Ng3 Ng4+ 27. hxg4 Nf6
28. gxh5 Ng4+ 29. Kh1 Bxc3 30. f5 Bxd2 31. fxg6+ Kg7 32. Rxd2 Re1+ 33. Nf1 fxg6
34. Bxg6 Qe7 35. g3 Ne3 36. Rg2 Bh3 37. Bd3 Ng4 38. Re2 Rxe2 39. Bxe2 Qg5 40.
Qf4 Qxh5 41. Kg1 Bxf1 42. Bxg4 Qg6 43. Kxf1 Qb1+ 44. Kf2 Qc2+ 45. Be2 Qxb3 46.
Qxd6 a5 47. Qc7+ Kf6 48. Qxa5 Ke5 49. Qxc5 Qb8 50. Qe7+ Kf5 51. g4+ Kg6 52. Bd3+
Kh6 53. Qf6# 1-0

[Event "104th ch-GBR 2017"]
[Site "Llandudno WLS"]
[Date "2017.07.29"]
[Round "1.32"]
[White "Willson, Ollie"]
[Black "Jackson, James P"]
[Result "0-1"]
[BlackTitle "FM"]
[WhiteElo "2032"]
[BlackElo "2286"]
[WhiteFideId "424714"]
[BlackFideId "416860"]
[EventDate "2017.07.29"]

1. d4 Nf6 2. c4 e6 3. Nf3 Nc6 4. Nc3 Bb4 5. Qc2 d6 6. a3 Bxc3+ 7. Qxc3 O-O 8. b4
e5 9. d5 Ne7 10. g3 b5 11. Nd2 bxc4 12. e4 c6 13. dxc6 Nxc6 14. Qxc4 Nd4 15. Bb2
d5 16. exd5 Bb7 17. Bxd4 Bxd5 18. Qc2 exd4 19. Rg1 Re8+ 20. Kd1 Rc8 21. Qf5 Ne4
22. Nxe4 Bxe4 23. Qf4 Qd5 0-1

[Event "104th ch-GBR 2017"]
[Site "Llandudno WLS"]
[Date "2017.07.29"]
[Round "1.33"]
[White "Dineley, Richard"]
[Black "Hewson, Brian W R"]
[Result "1-0"]
[WhiteElo "2269"]
[BlackElo "2023"]
[WhiteFideId "1800680"]
[BlackFideId "437484"]
[EventDate "2017.07.29"]

1. e4 c6 2. d4 d5 3. exd5 cxd5 4. c4 Nf6 5. Nc3 Nc6 6. Bg5 dxc4 7. Bxc4 e6 8.
Nf3 Be7 9. O-O O-O 10. Re1 Nd5 11. Bxd5 Bxg5 12. Bxc6 bxc6 13. Nxg5 Qxg5 14. Qf3
Rb8 15. b3 Rb4 16. Rad1 Rd8 17. Qe3 Qxe3 18. fxe3 f6 19. Na4 Kf7 20. Nc5 Rb6 21.
Kf2 e5 22. dxe5 Rxd1 23. Rxd1 fxe5 24. Rd8 Be6 25. Ra8 Bg4 26. Rxa7+ Kg6 27. Ra6 1-0

[Event "104th ch-GBR 2017"]
[Site "Llandudno WLS"]
[Date "2017.07.29"]
[Round "1.34"]
[White "Moore, Geoffrey R"]
[Black "Claridge-Hansen, William"]
[Result "0-1"]
[BlackTitle "FM"]
[WhiteElo "2023"]
[BlackElo "2267"]
[WhiteFideId "446181"]
[BlackFideId "422509"]
[EventDate "2017.07.29"]

1. e4 c5 2. Nf3 g6 3. d4 cxd4 4. Nxd4 Bg7 5. c4 Nc6 6. Be3 Nf6 7. Nc3 O-O 8. Be2
d6 9. O-O Bd7 10. Qd2 Nxd4 11. Bxd4 Bc6 12. f3 a5 13. Rad1 Nd7 14. Bxg7 Kxg7 15.
Kh1 Qb6 16. f4 Qc5 17. Bd3 Kh8 18. Qe2 a4 19. Rfe1 e5 20. f5 Nf6 21. Rf1 g5 22.
Qf2 a3 23. b3 Ng4 24. Qxc5 dxc5 25. Rd2 Nf6 26. Nd5 Bxd5 27. cxd5 Rfc8 28. Rc1
b6 29. h3 Ne8 30. Rdc2 Nd6 31. Kg1 Kg7 32. Kf2 f6 33. Ke3 Kf8 34. Be2 Kf7 35.
Bd3 Ke8 36. Be2 Ke7 37. Bd3 h6 38. Be2 Kf8 39. Bd3 Ke7 40. Be2 Kd7 41. Bd3 Kd8
42. Be2 Ra7 43. Bd3 Rac7 44. Ba6 Ra8 45. Bd3 Raa7 46. Be2 Kc8 47. Bd3 Kb8 48.
Be2 Rc8 49. Bd3 Rd7 50. Ba6 Rcc7 51. Bd3 Kb7 52. Be2 Rc8 53. Bd3 Rdc7 54. Be2 b5
55. Rc3 Kb6 56. Bd3 Ka5 57. Kd2 Kb4 58. Rb1 g4 59. h4 g3 60. Bc2 Rg7 61. Re3 Rg4
62. Rh1 c4 63. Rh3 Rcg8 64. Ke2 c3 65. Ke1 h5 66. Ke2 Rf4 67. Ke1 Rgg4 68. Rhxg3
Rxh4 69. Rxc3 Rh1+ 70. Ke2 Ra1 71. Rc6 Rxa2 0-1

[Event "104th ch-GBR 2017"]
[Site "Llandudno WLS"]
[Date "2017.07.29"]
[Round "1.35"]
[White "Rudd, Jack"]
[Black "Brewer, Callum D"]
[Result "1-0"]
[WhiteTitle "IM"]
[WhiteElo "2252"]
[BlackElo "2015"]
[WhiteFideId "405736"]
[BlackFideId "435309"]
[EventDate "2017.07.29"]

1. d4 Nf6 2. c4 e6 3. Nc3 Bb4 4. f3 d5 5. a3 Bxc3+ 6. bxc3 c5 7. cxd5 Nxd5 8.
Qd2 f5 9. Nh3 O-O 10. e3 Nd7 11. Bd3 b6 12. O-O Bb7 13. Bb2 Qc7 14. e4 Ne7 15.
Ng5 Rf6 16. exf5 exf5 17. Rfe1 Qd6 18. Bc4+ Nd5 19. a4 h6 20. Nh3 Kh8 21. Ba3 f4
22. Bxd5 Bxd5 23. dxc5 Nxc5 24. Rad1 Rd8 25. Qc2 Qf8 26. Rd4 Re8 27. Re2 Qf7 28.
Rxe8+ Qxe8 29. Qd1 Qe3+ 30. Kh1 Bg8 31. Bxc5 bxc5 32. Rd3 Qe5 33. Nf2 Rf8 34.
Ne4 Re8 35. h3 Kh7 36. Kh2 Kh8 37. Rd7 a6 38. Rd6 Re6 39. Rd8 Kh7 40. Qd3 Rg6
41. c4 Qb2 42. Nd2 Qf6 43. Re8 Qh4 44. Ne4 Qh5 45. Qd8 1-0

[Event "104th ch-GBR 2017"]
[Site "Llandudno WLS"]
[Date "2017.07.29"]
[Round "1.36"]
[White "Garnett, John S"]
[Black "Toma, Katarzyna"]
[Result "0-1"]
[BlackTitle "WGM"]
[WhiteElo "2005"]
[BlackElo "2252"]
[WhiteFideId "410829"]
[BlackFideId "1119907"]
[EventDate "2017.07.29"]

1. d4 g6 2. Nf3 Bg7 3. c4 Nf6 4. g3 O-O 5. Bg2 d5 6. cxd5 Nxd5 7. e4 Nb6 8. a4
a5 9. O-O Nc6 10. d5 Nb4 11. Nc3 c6 12. dxc6 bxc6 13. Qxd8 Rxd8 14. Bf4 Nc4 15.
Rad1 Ba6 16. Rxd8+ Rxd8 17. Rb1 Nxb2 18. e5 N2d3 19. Rd1 Rb8 20. Ne4 Nxf4 21.
gxf4 Nd5 22. Nc5 Be2 23. Rc1 Bxf3 24. Bxf3 Nxf4 25. Nd7 Rb2 26. h4 Nh3+ 27. Kg2
Nxf2 28. Rxc6 Nd3+ 29. Kh3 Bxe5 30. h5 Rh2+ 31. Kg4 Nf2+ 32. Kg5 h6+ 33. Kxh6
Bf4# 0-1

[Event "104th ch-GBR 2017"]
[Site "Llandudno WLS"]
[Date "2017.07.29"]
[Round "1.37"]
[White "Wall, Tim P"]
[Black "Arkell, Nicholas D"]
[Result "0-1"]
[WhiteTitle "FM"]
[WhiteElo "2242"]
[BlackElo "1998"]
[WhiteFideId "401641"]
[BlackFideId "434159"]
[EventDate "2017.07.29"]

1. e4 g6 2. d4 Bg7 3. Nf3 d6 4. Bc4 e6 5. O-O Ne7 6. Bb3 Nd7 7. Re1 O-O 8. Nbd2
b5 9. a4 b4 10. Nc4 d5 11. exd5 Nxd5 12. Bg5 N7f6 13. Nfe5 Bb7 14. Na5 Qc8 15.
Qf3 c6 16. Bxf6 Nxf6 17. Nxb7 Qxb7 18. Qxc6 Rab8 19. Bc4 Nd5 20. Qxb7 Rxb7 21.
Rad1 Rc7 22. Bb3 Rd8 23. g3 h5 24. Rd3 Bf6 25. Kg2 Kg7 26. Re2 Rb8 27. Nc4 Rd8
28. Ne3 Ne7 29. c3 Rb7 30. Bc4 bxc3 31. bxc3 Rc7 32. Bb5 Rd6 33. Kf1 Nd5 34. c4
Nb4 35. Rb3 a5 36. d5 exd5 37. cxd5 Nxd5 38. Nc4 Rd8 39. Nxa5 Nc3 40. Re1 Rd2
41. Nc4 Ra2 42. Ra3 Rxa3 43. Nxa3 Ra7 44. Nc4 Nxa4 45. Nd6 Nc3 46. Ne8+ Kf8 47.
Nxf6 Nxb5 48. Rd1 Ke7 49. Nd5+ Kf8 50. Nf4 Nc3 51. Rd8+ Kg7 52. Rd4 Nb5 53. Rd3
Re7 54. Kg2 Nc7 55. Rd6 Ne8 56. Rc6 Rd7 57. Rc5 Nf6 58. Kf3 Ra7 59. h3 Ra3+ 60.
Kg2 Ra7 61. Nd3 Re7 62. Ra5 Rd7 63. Nf4 Rb7 64. Re5 Ra7 65. Nd3 Rd7 66. Re3 Nd5
67. Rf3 Nf6 68. Ne5 Re7 69. Nc4 Rc7 70. Rf4 Nd5 71. Rd4 Nf6 72. g4 hxg4 73. hxg4
Rd7 74. Rf4 Nd5 75. Rf3 Nf6 76. Ne3 Ne4 77. Rf4 Ng5 78. Ra4 Ne6 79. Kg3 Rb7 80.
f4 Rb3 81. Kf3 Rb7 82. Ra6 Rb4 83. Nd5 Rb3+ 84. Kf2 Rb2+ 85. Ke3 Rb3+ 86. Kd2
Nc5 87. Rc6 Rd3+ 88. Kc2 Rxd5 89. Kc3 Ne6 90. Rc4 Rc5 0-1

[Event "104th ch-GBR 2017"]
[Site "Llandudno WLS"]
[Date "2017.07.29"]
[Round "1.38"]
[White "Ahluwalia, Amardip"]
[Black "Richardson, John R"]
[Result "0-1"]
[BlackTitle "FM"]
[WhiteElo "1995"]
[BlackElo "2237"]
[WhiteFideId "437085"]
[BlackFideId "401617"]
[EventDate "2017.07.29"]

1. e4 c6 2. c4 d5 3. exd5 cxd5 4. cxd5 Nf6 5. Nc3 Nxd5 6. Nf3 Nc6 7. Bb5 e6 8.
O-O Be7 9. d4 O-O 10. Re1 Bd7 11. Bd3 Rc8 12. Nxd5 exd5 13. Ne5 Bf6 14. Nxd7
Qxd7 15. Be3 g6 16. Qa4 a6 17. Rad1 Rfe8 18. a3 Rcd8 19. Bb1 Qg4 20. h3 Qh4 21.
Rf1 Re6 22. Ba2 Kg7 23. Rd2 Ne7 24. Qb3 Rd7 25. Qd1 Nf5 26. Qf3 Qe4 27. Qxe4
Rxe4 28. Rd3 Nxe3 29. fxe3 Bg5 30. Rf3 f5 31. g3 Re6 32. Rc3 Rb6 33. b4 a5 34.
Rc5 axb4 35. axb4 Rxb4 36. Rxd5 Rc7 37. Rc5 Rxc5 38. dxc5 Rb5 39. h4 Bf6 40. Rf2
Rxc5 41. Rd2 Rc7 42. Kf2 b5 43. Be6 Be7 44. Rd7 Rc2+ 45. Kf3 Kf6 46. Bg8 Rc3 47.
Ke2 h6 48. Rb7 b4 49. Rb6+ Kg7 50. Rb7 Kxg8 51. Rxe7 Rc2+ 52. Kd3 Rg2 53. Rb7
Rxg3 54. Rxb4 h5 55. Rb7 Rg4 56. Ke2 Rxh4 57. Kf3 Rg4 58. Ra7 h4 59. Rb7 h3 60.
Rb2 g5 61. Rh2 Re4 62. Kf2 g4 63. Rh1 Kg7 64. Re1 f4 0-1

[Event "104th ch-GBR 2017"]
[Site "Llandudno WLS"]
[Date "2017.07.29"]
[Round "1.39"]
[White "Golding, Alex"]
[Black "Haridas, Girinath"]
[Result "1-0"]
[WhiteElo "2222"]
[BlackElo "1977"]
[WhiteFideId "427241"]
[BlackFideId "427144"]
[EventDate "2017.07.29"]

1. d4 Nf6 2. c4 g6 3. Nc3 Bg7 4. e4 d6 5. Nf3 O-O 6. Be2 e5 7. O-O Nc6 8. d5 Ne7
9. Ne1 Nd7 10. Be3 f5 11. f3 f4 12. Bf2 g5 13. Rc1 Ng6 14. c5 Nf6 15. cxd6 cxd6
16. Nb5 Rf7 17. Qc2 h5 18. Nc7 Bd7 19. Nxa8 Qxa8 20. a4 a6 21. Qc7 Bf8 22. Bb6
Be7 23. b4 g4 24. b5 Kg7 25. Nc2 Nh4 26. Bf2 gxf3 27. gxf3 Bh3 28. Bxh4 Ne8 29.
Qxe7 Rxe7 30. Bxe7 Bxf1 31. Bxf1 Kf7 32. Bh4 axb5 33. Bxb5 Nc7 34. Na3 Nxb5 35.
Nxb5 Qxa4 36. Nxd6+ Kg8 37. Rc8+ Kh7 38. Rc7+ Kg6 39. Nf5 Qd1+ 40. Kg2 Qe2+ 41.
Bf2 b5 42. d6 h4 43. Nxh4+ Kf6 44. Nf5 Qd2 45. d7 b4 46. d8=Q+ Qxd8 47. Bh4+ 1-0

[Event "104th ch-GBR 2017"]
[Site "Llandudno WLS"]
[Date "2017.07.29"]
[Round "1.40"]
[White "Davis, Lee"]
[Black "Merriman, John"]
[Result "0-1"]
[WhiteElo "1952"]
[BlackElo "2221"]
[WhiteFideId "1801325"]
[BlackFideId "402362"]
[EventDate "2017.07.29"]

1. d4 e6 2. Nf3 Nf6 3. g3 d5 4. Bg2 b5 5. O-O Bb7 6. Nbd2 c5 7. dxc5 Bxc5 8. Nb3
Bd6 9. Bf4 Bxf4 10. gxf4 Nbd7 11. Qd4 O-O 12. Nc5 Nxc5 13. Qxc5 a6 14. a4 Ne4
15. Qe3 b4 16. Nd2 Nd6 17. c4 bxc3 18. bxc3 Rc8 19. Rfb1 Qf6 20. Qe5 Qe7 21. Rb6
Rfd8 22. Rab1 Rc7 23. c4 f6 24. Qe3 d4 25. Qa3 Bc8 26. Qb3 Kf8 27. Qb4 e5 28. c5
Nf5 29. c6 exf4 30. Nc4 Nd6 31. Rd1 Nf5 32. Rb8 Kf7 33. Qxe7+ Nxe7 34. Na5 Rd6
35. Nb7 Bxb7 36. Rxb7 Rc8 37. c7 Ke8 38. Rc1 Kd7 39. Ra7 f5 40. Bb7 f3 41. Bxf3
Nc6 42. Rxc6 Rxc6 43. Bxc6+ Kxc6 44. Rxa6+ Kb7 45. Rd6 Rxc7 46. Rxd4 Kb6 47. e3
Rc6 48. Kg2 Rg6+ 49. Kf3 Rg1 50. Rh4 h6 51. e4 fxe4+ 52. Rxe4 Rg6 53. Rg4 Rf6+
54. Rf4 Rc6 55. h4 Kc5 56. h5 Kd5 57. a5 Ke5 58. Ra4 Ra6 59. Kg4 Kd5 60. Rf4 Ke6
61. Rf5 Rc6 62. Rb5 Rc1 63. Rb7 Ra1 64. a6 Rxa6 65. Rxg7 Ra2 66. Rg6+ Kf7 67.
Kg3 Ra1 68. Rxh6 Rf1 69. Ra6 Kg7 70. f3 Rg1+ 71. Kf4 Rh1 72. h6+ Kh7 73. Kf5 Rh2
74. Kg4 Rh1 75. f4 Rh2 76. Re6 Rh1 77. Kg5 Rg1+ 78. Kf5 Rf1 79. Ke5 Re1+ 80. Kd6
Rf1 81. Rf6 Re1 82. f5 Rf1 83. Ke6 Ra1 84. Ke5 Re1+ 85. Kf4 Rf1+ 86. Ke5 Re1+
87. Kd6 Ra1 88. Re6 Rd1+ 89. Ke5 Rf1 90. Ra6 Rh1 91. Kf6 Rxh6+ 92. Ke7 Rxa6 93.
f6 Ra7+ 94. Ke8 Kg6 0-1

[Event "104th ch-GBR 2017"]
[Site "Llandudno WLS"]
[Date "2017.07.29"]
[Round "1.41"]
[White "Storey, Charles H"]
[Black "Cole, James"]
[Result "1-0"]
[WhiteTitle "FM"]
[WhiteElo "2214"]
[BlackElo "1950"]
[WhiteFideId "406686"]
[BlackFideId "431818"]
[EventDate "2017.07.29"]

1. e4 c6 2. Nf3 d5 3. Nc3 Bg4 4. h3 Bxf3 5. Qxf3 e6 6. d4 dxe4 7. Nxe4 Qxd4 8.
c3 Qd5 9. Bf4 Nd7 10. Rd1 Qf5 11. g4 Qa5 12. b4 Qb6 13. Rxd7 Kxd7 14. Be3 Qd8
15. Qxf7+ Qe7 16. Nc5+ Kc8 17. Qf4 Nf6 18. Bc4 Nd5 19. Qe4 Nxe3 20. Qxe3 Qf6 21.
Nxe6 Bd6 22. f4 Re8 23. O-O Kd7 24. f5 Qe5 25. Qxe5 Bxe5 26. Rf3 b6 27. Re3 Bd6
28. Kf2 Re7 29. Rd3 Rae8 30. Kf3 h6 31. h4 Rh8 32. h5 Ra8 33. a4 Rae8 34. Bb3 a6
35. c4 c5 36. bxc5 bxc5 37. Nxc5+ Kc6 38. Ne6 Rxe6 39. fxe6 Rxe6 40. Rd5 Bc5 41.
Bc2 Rd6 42. Re5 Rd7 43. Be4+ Kd6 44. Rd5+ Kc6 45. Rg5+ Kd6 46. Rg6+ Ke5 47. Bd5
a5 48. Re6+ Kd4 49. Ra6 Bb4 50. Ra8 Bc3 51. Re8 Bb4 52. Re4+ Kc5 53. Kf4 Rd6 54.
Be6 Bc3 55. Kf5 Rd8 56. Kg6 Rf8 57. Bf7 Rd8 58. Re3 Bb2 59. Rb3 Rd6+ 60. Kh7 Rb6
61. Rxb2 Rxb2 62. Kxg7 Rg2 63. Be6 Kd6 64. Bf5 Ra2 65. Kxh6 Rxa4 66. Kg7 Rxc4
67. h6 Rc7+ 68. Kf6 Rb7 69. h7 Rb8 70. Be6 Rh8 71. Bg8 1-0

[Event "104th ch-GBR 2017"]
[Site "Llandudno WLS"]
[Date "2017.07.29"]
[Round "1.42"]
[White "Ashworth, Michael"]
[Black "Willmoth, Robert F"]
[Result "1/2-1/2"]
[BlackTitle "CM"]
[WhiteElo "1946"]
[BlackElo "2211"]
[WhiteFideId "425044"]
[BlackFideId "402540"]
[EventDate "2017.07.29"]

1. Nf3 d6 2. d4 Bg4 3. c4 Nd7 4. Nc3 g6 5. e4 Bxf3 6. Qxf3 Bg7 7. Be3 c5 8. Qd1
cxd4 9. Bxd4 Bxd4 10. Qxd4 Ngf6 11. Be2 O-O 12. O-O a6 13. Rad1 Rc8 14. f4 Qa5
15. Kh1 Rfd8 16. Rd2 Nb8 17. Rfd1 Nc6 18. Qe3 Re8 19. Nd5 Nxd5 20. exd5 Nb8 21.
b3 Nd7 22. Bg4 Rc7 23. Bxd7 Rxd7 24. f5 Rc8 25. Rf2 Kg7 26. fxg6 hxg6 27. Rxf7+
Kxf7 28. Qe6+ Kg7 29. Qxd7 Qc7 30. Qxc7 Rxc7 31. Kg1 b5 32. cxb5 axb5 33. a4
bxa4 34. bxa4 Kf6 35. Kf2 Rc2+ 36. Kf3 Ra2 37. Rd4 Ra3+ 38. Ke4 Ra2 39. Kf3 Ra3+
40. Ke4 Ra2 41. Kf3 Ra3+ 1/2-1/2

[Event "104th ch-GBR 2017"]
[Site "Llandudno WLS"]
[Date "2017.07.29"]
[Round "1.43"]
[White "Graham, David B"]
[Black "Golding, James"]
[Result "1-0"]
[WhiteElo "2201"]
[BlackElo "1942"]
[WhiteFideId "408131"]
[BlackFideId "427250"]
[EventDate "2017.07.29"]

1. e4 e5 2. Nf3 Nc6 3. Bb5 a6 4. Bxc6 dxc6 5. d4 exd4 6. Qxd4 Bd7 7. Bg5 f6 8.
Bh4 Ne7 9. Nc3 Ng6 10. Bg3 c5 11. Qd2 Bc6 12. Qxd8+ Kxd8 13. O-O-O+ Kc8 14. h4
Be7 15. h5 Nf8 16. Nh4 Bd7 17. Nf5 Bxf5 18. exf5 Nd7 19. Bxc7 Kxc7 20. Nd5+ Kd8
21. Nb6 Kc7 22. Rxd7+ Kxb6 23. Rxe7 Rae8 24. Rhe1 Rxe7 25. Rxe7 Rg8 26. Kd2 h6
27. Ke3 Kc6 28. a4 b5 29. Re6+ Kd5 30. Rxa6 bxa4 31. Rxa4 Re8+ 32. Kd3 Re7 33.
g4 Kc6 34. Ra6+ Kb5 35. Rd6 c4+ 36. Kc3 Re2 37. Rd5+ Kc6 38. Rd2 Re1 39. Kxc4
Re4+ 40. Rd4 Re2 41. Kd3 Rxf2 42. b3 Rg2 43. c3 Kc5 44. Rc4+ Kd5 45. Ke3 Rb2 46.
Rd4+ Kc5 47. b4+ Kb5 48. Rd7 Kc4 49. Rc7+ Kb3 50. b5 Ka4 51. c4 1-0

[Event "104th ch-GBR 2017"]
[Site "Llandudno WLS"]
[Date "2017.07.29"]
[Round "1.44"]
[White "Anilkumar, Anantha P"]
[Black "Grant, Jonathan I M"]
[Result "1-0"]
[WhiteElo "1932"]
[BlackElo "2187"]
[WhiteFideId "424730"]
[BlackFideId "2400294"]
[EventDate "2017.07.29"]

1. e4 c6 2. d4 d5 3. Nc3 dxe4 4. Nxe4 Bf5 5. Ng3 Bg6 6. h4 h6 7. Nf3 Nd7 8. h5
Bh7 9. Bd3 Bxd3 10. Qxd3 e6 11. Bd2 Ngf6 12. O-O-O Be7 13. Kb1 Rc8 14. Ne4 c5
15. g4 cxd4 16. Qxd4 Nc5 17. Qxd8+ Rxd8 18. Nxf6+ Bxf6 19. Be3 Rc8 20. Nd4 O-O
21. f4 e5 22. fxe5 Bxe5 23. Nf5 Rfe8 24. g5 hxg5 25. Bxg5 f6 26. Be3 Kh7 27.
Rhg1 Ne6 28. Nxg7 Nxg7 29. Rd7 Rg8 30. Rg6 Rgd8 31. Rgxg7+ Kh8 32. Rh7+ Kg8 33.
Rdg7+ Kf8 34. h6 Rd1+ 35. Bc1 Rxc1+ 36. Kxc1 Bf4+ 37. Kb1 Bxh6 38. Rxb7 Kg8 39.
Rxh6 Re8 40. b3 Re1+ 41. Kb2 1-0